000 00822nam a2200301Ia 4500
001 11835
003 IT-RoPAU
008 130308s9999 xx 000 0 und d
040 _aIT-RoPAU
040 _cIT-RoPAU
041 _aFRANCESE
100 _aRethi A.
100 _gCodice Aut. SPICS: 10350
245 _aDysphonie spastique-troubles de l'automatisme du langage
245 _bPhonetique et Phonation
250 _a1a ed.
260 _aPARIS
260 _bMasson
260 _c1966 [1° Ed.:1966 - Ed.Ling.Originale:1966]
300 _a"14 p. (prefazione: no ; testo: 14 [pagine: 113-126])"
500 _aDisfonia Spastica Disturbi dell'Automatismo del Linguaggio
650 _aLINGUISTICA
650 _eCodice materia Spics: 3201
942 _cBK
957 _71
999 _c39251
_d39251
999 _bSI
999 _g1